000 01076nam a2200385 a 4500
001 vtls000033258
003 NLI
005 20210601183631.0
008 101125s1970 nyu 000 m eng
020 _c$ 5.95
039 9 _y201011250300
_zVLOAD
040 0 _aNLI
_beng
_cVERGIS-2003
041 0 _aeng
044 _anyu
082 0 4 _a808
100 1 _aAmend, Victor E.
_998380
245 1 0 _aReadings from left to right/
_cVictor E. Amend, Leot. Hendrick
260 _aNew York:
_bFree Press,
_cc1970
300 _axii, 497 p.;
_c20 cm.
650 0 _aReading
_91553
650 0 _aReadability (Literary style)
_997955
650 0 _aRhetoric
650 0 _aLanguage arts
_997983
700 1 _aHendrick, Leo T.,
_4jt. aut
_998381
887 _aP. Rajendran
901 _a439407
_b02/01/1978
902 _aE 808 Am 34
903 _a19/04/2004
904 _aP. Rajendran
906 _a035121
949 _AVIRTUAITEM
_D10000
_F1
_X100
_6PUR000439407ENG
_aE 808 Am34
942 _2ddc
_cBKS
999 _aVIRTUA
_c36331
_d36331
999 _aVTLSSORT0200*9010*9020*9490*9991